000
00356nam a2200145 a 4500
008
100
_a
Cloughton david
245
0
_a
Riley on business interruption insurance
907
_a
.b10091373
_b
17-11-03
_c
17-11-03
003
005
20230123133444.0
040
_c
NUST
049
_a
MAIN
942
_c
BOOKS
999
_c
148877
_d
148877